| 000 | 00442nam a2200169Ia 4500 | ||
|---|---|---|---|
| 008 | 210210b1988 xxu||||| |||| 00| 0 eng d | ||
| 082 | _a686 KESH | ||
| 100 | _aKESAVAN (B S). | ||
| 245 | _aHistory of printing and publishing in India. V2. Ed 1. | ||
| 250 | _a | ||
| 260 |
_aIndia. _bNational Book Trust _c1988 |
||
| 300 | _axv,782 | ||
| 440 | _a2 | ||
| 650 | _aHistory Printing Publishing India | ||
| 690 | _aPrinting | ||
| 906 | _a045512 | ||
| 999 |
_c94928 _d94928 |
||